000 00892nam a2200241 i 4500
001 117926
003 ES-MaACL
005 20250826063141.0
007 t|
008 070214s1930 sp r ||||1| spa d
080 _a012 Shakespeare
100 1 _aPar, Alfonso.
_988899
245 1 0 _aContribución a la bibliografía española de Shakespeare :
_bcatálogo bibliográfico de la colección del autor /
_cAlfonso Par
260 _aBarcelona :
_bDiputación Provincial de Barcelona,
_c1930
300 _a136 p. ;
_c17 cm.
490 1 _aInstituto del teatro nacional ;
_v7
600 1 4 _aShakespeare, William,
_d1564-1616-
_xTraducciones al español
_9105996
710 0 0 _aBarcelona (Provincia).
_bDiputación Provincial.
_92148
830 0 0 _aPublicaciones del Instituto del Teatro Nacional
_v7
_9187523
852 _aES-MaACL
_jC-8531
942 _2udc
999 _c117926
_d117926